书目信息 |
| 题名: |
康复是一次旅行
|
|
| 作者: | 曼宁, 著 ;王芳 , 王龙 译 | |
| 分册: | ||
| 出版信息: | 北京 中国宇航出版社 2002.12 |
|
| 页数: | 268页 | |
| 开本: | 22cm | |
| 丛书名: | 黄金屋书系 | |
| 单 册: | ||
| 中图分类: | R161 | |
| 科图分类: | ||
| 主题词: | 保健知识--bao jian zhi shi--普及读物 | |
| 电子资源: | ||
| ISBN: | 7-80144-485-X | |
| 000 | 01091nam 2200301 450 | |
| 001 | 012008255656 | |
| 005 | 20080313171842.31 | |
| 010 | @a7-80144-485-X@dCNY25.00 | |
| 100 | @a20080313d2002 km y0chiy0120 ea | |
| 101 | 1 | @achi@ceng |
| 102 | @aCN@b110000 | |
| 105 | @ay z 000yy | |
| 106 | @ar | |
| 200 | 1 | @a康复是一次旅行@Akang fu shi yi ci lu xing@d= Healing journey@f(英)马修·曼宁著@F(ying)ma xiu·man ning zhu@g王芳, 王龙译@Gwang fang,wang long yi@zeng |
| 210 | @a北京@c中国宇航出版社@d2002.12 | |
| 215 | @a268页@d22cm | |
| 225 | 2 | @a黄金屋书系@Ahuang jin wu shu xi |
| 300 | @a世界著名癌症康复大师 | |
| 330 | @a本书介绍了一种通过自身的努力与癌症、其他重症疾病和现代人普遍存在的身心困惑抗争的有效方法,让患者以及亲友能从疾病和不良状态中摆脱出来。 | |
| 410 | 0 | @12001 @a黄金屋书系 |
| 510 | 1 | @aHealing Journey@zeng |
| 606 | 0 | @a保健知识@Abao jian zhi shi@j普及读物 |
| 690 | @aR161@v4 | |
| 701 | 1 | @a曼宁,@Aman ning,@b马修@4著 |
| 702 | 0 | @a王芳@Awang fang@4译 |
| 702 | 0 | @a王龙@Awang long@4译 |
| 801 | 0 | @aCN@bQSSK@c20080313 |
| 905 | @b20282654-56@dR161@eM313@f3 | |
| 康复是一次旅行= Healing journey/(英)马修·曼宁著/王芳, 王龙译.-北京:中国宇航出版社,2002.12 |
| 268页;22cm.-(黄金屋书系) |
| 世界著名癌症康复大师 |
| ISBN 7-80144-485-X:CNY25.00 |
| 本书介绍了一种通过自身的努力与癌症、其他重症疾病和现代人普遍存在的身心困惑抗争的有效方法,让患者以及亲友能从疾病和不良状态中摆脱出来。 |
| ● |
| 相关链接 |
|
|
|
正题名:康复是一次旅行
索取号:R161/M313
 
预约/预借
| 序号 | 登录号 | 条形码 | 馆藏地/架位号 | 状态 | 备注 |
| 1 | 282654 | 202826549 | 自科库401/401自科库 4排1列4层/ [索取号:R161/M313] | 在馆 | |
| 2 | 282655 | 202826558 | 自科库401/401自科库 4排1列4层/ [索取号:R161/M313] | 在馆 | |
| 3 | 282656 | 202826567 | 自科库401/401自科库 4排1列4层/ [索取号:R161/M313] | 在馆 |